000 00750cam a22002533a 4500
001 17401
003 PGUSA
005 20140828083354.0
008 051226s2005||||xxu|||||s|||||000 1 eng d
040 _aPGUSA
_beng
042 _adc
050 4 _aPR
100 1 _aWells, H. G.
_q(Herbert George),
_d1866-1946
245 1 4 _aThe Time Machine
_h[electronic resource] /
_cH. G. Wells
260 _bProject Gutenberg,
_c2005
506 _aCopyrighted. Read the copyright notice inside this book for details.
516 _aElectronic text
653 _aTime travel -- Fiction
653 _aScience fiction
653 _aDystopias -- Fiction
830 0 _aProject Gutenberg
_v17401
856 4 0 _uhttp://www.gutenberg.org/ebooks/17401
942 _cEB
999 _c246656
_d246656